[Event "CHN-chT (Women)"]
[Site "Liaocheng"]
[Date "2021.10.23"]
[Round "4.2"]
[White "Yan, Tianqi"]
[Black "Wang, Yu A"]
[Result "1-0"]
[WhiteElo "2148"]
[BlackElo "2287"]
[PlyCount "71"]
[EventDate "2021.10.20"]
[EventType "team-tourn"]
[EventRounds "9"]
[EventCountry "CHN"]
[SourceTitle "CBM 204 Extra"]
[Source "ChessBase"]
[SourceDate "2021.11.30"]
[SourceVersion "1"]
[SourceVersionDate "2021.11.30"]
[SourceQuality "1"]
[WhiteTeam "Hangzhou (W)"]
[BlackTeam "Beijing (W)"]
[WhiteTeamCountry "CHN"]
[BlackTeamCountry "CHN"]

1. e4 c5 2. Nf3 Nc6 3. d4 cxd4 4. Nxd4 Nf6 5. Nc3 e6 6. Nxc6 bxc6 7. e5 Nd5 8. Ne4 Qc7 9. f4 Qb6 10. c4 Bb4+ 11. Ke2 Ba6 12. Kf3 f5 13. exf6 Nxf6 14. c5 Qa5 15. Nd6+ Ke7 16. Bxa6 Qxa6 17. Be3 Rab8 18. Qd4 Ba5 19. Rhd1 Bc7 20. g4 Bxd6 21. Qxd6+ Kf7 22. g5 Rxb2 23. Re1 Rd8 24. gxf6 gxf6 25. Qd4 Rxh2 26. Bf2 d5 27. Qe3 e5 28. fxe5 d4 29. Qb3+ Rd5 30. Rh1 Rxh1 31. Rxh1 d3 32. Qb8 Rxe5 33. Rxh7+ Ke6 34. Qd6+ Kf5 35. Rh5+ Kg6 36. Rxe5 1-0

[Event "CHN-ch (Women)"]
[Site "Xinghua"]
[Date "2021.05.13"]
[Round "9"]
[White "Li, Xueyi"]
[Black "Wang, Yu A"]
[Result "1-0"]
[WhiteElo "2328"]
[BlackElo "2294"]
[PlyCount "99"]
[EventDate "2021.05.07"]
[EventType "tourn"]
[EventRounds "11"]
[EventCountry "CHN"]
[SourceTitle "CBM 202 Extra"]
[Source "ChessBase"]
[SourceDate "2021.07.31"]
[SourceVersion "1"]
[SourceVersionDate "2021.07.31"]
[SourceQuality "1"]

1. d4 b6 2. c4 Bb7 3. Nc3 Nf6 4. Qc2 d5 5. cxd5 Nxd5 6. e4 Nxc3 7. bxc3 e6 8. Nf3 Be7 9. Bb5+ c6 10. Bd3 0-0 11. e5 h6 12. Bh7+ Kh8 13. Be4 Qc8 14. h4 Nd7 15. Bg5 f6 16. exf6 Bxf6 17. Be3 c5 18. Ng5 Bxg5 19. hxg5 cxd4 20. Bxb7 Qxb7 21. Bxd4 e5 22. Be3 Qxg2 23. 0-0-0 Nc5 24. gxh6 g6 25. Rhg1 Qe4 26. Bxc5 Qxc2+ 27. Kxc2 bxc5 28. Rxg6 Rxf2+ 29. Rd2 Raf8 30. Re6 Rxd2+ 31. Kxd2 Rf2+ 32. Kd3 Rxa2 33. Kc4 Kh7 34. Kxc5 Rc2 35. c4 a5 36. Rxe5 Kxh6 37. Re3 Kg6 38. Kd5 Kf6 39. c5 a4 40. Kd6 Rd2+ 41. Kc7 a3 42. Rxa3 Ke6 43. Ra6+ Ke7 44. Rh6 Rb2 45. c6 Rb1 46. Kc8 Rc1 47. c7 Rb1 48. Rh2 Rb3 49. Re2+ Kf7 50. Re4 1-0